|
|
|
|
| LEADER |
01100cam a2200289 7i4500 |
| 001 |
0000073587 |
| 005 |
20221219090000.0 |
| 020 |
|
|
|a 9781003285618 (electronic book)
|
| 090 |
0 |
0 |
|a LB1139.35.P55
|b R82 2023
|
| 100 |
1 |
|
|a Ray, Dee C
|
| 245 |
1 |
0 |
|a Playful education :
|b using play therapy strategies to elevate your early childhood classroom
|c Dee C. Ray.
|
| 264 |
|
|
|a New York, NY:
|b Routledge,
|c 2023.
|
| 300 |
|
|
|a 1 online resource (158 pages):
|b text file, PDF.
|
| 336 |
|
|
|a text
|2 rdacontent
|
| 337 |
|
|
|a computer
|2 rdamedia
|
| 338 |
|
|
|a online resource
|2 rdacarrier
|
| 490 |
0 |
|
|a Eye on education books
|
| 650 |
|
0 |
|a Play --
|x Psychological aspects
|
| 650 |
|
0 |
|a Creative activities and seat work
|
| 650 |
|
0 |
|a Play therapy
|
| 650 |
|
0 |
|a Teacher effectiveness
|
| 650 |
|
0 |
|a Early childhood education
|
| 655 |
|
0 |
|a Electronic books
|
| 856 |
4 |
2 |
|u http://library.unisel.edu.my/web/guest/mylibrary
|
| 997 |
|
|
|a Education & Social Sciences, Faculty
|b Early Chilhood Studies, Department
|
| 998 |
|
|
|a Early Childhood Education, Degree
|
| 999 |
|
|
|a EBO0016546
|b EBOOK
|c EBOOK
|e Electronic resources
|